000 00328nam a2200133Ia 4500
005 20251222144623.0
008 251222s9999||||xx |||||||||||||| ||spa||
020 _a968-38-0583-3
082 _a658.5/W27
100 _aWarren, Bennis
245 0 _aLa Organización del Siglo XXI:
264 _bPanorama Editorial
942 _cLIB
999 _c16019
_d16019